[Event "Santo Domingo Duarte Memorial 8th"]
[Site "Santo Domingo"]
[Date "2019.01.27"]
[Round "8"]
[White "Figuereo Valdez, Samuel"]
[Black "Valdez Luna, Claudio"]
[Result "1/2-1/2"]
[WhiteElo "1640"]
[BlackElo "1573"]
[PlyCount "86"]
[EventDate "2019.01.18"]
[EventType "swiss"]
[EventRounds "8"]
[EventCountry "DOM"]
[SourceTitle "CBM 188 Extra"]
[Source "ChessBase"]
[SourceDate "2019.02.26"]
[SourceVersion "1"]
[SourceVersionDate "2019.02.26"]
[SourceQuality "1"]

1. e4 c5 2. Nf3 Nc6 3. d4 cxd4 4. Nxd4 Qb6 5. Nb3 Nf6 6. Nc3 d6 7. Be3 Qd8 8. h3 g6 9. Qd2 Bg7 10. Bd3 0-0 11. f4 Bd7 12. 0-0-0 a6 13. g4 b5 14. f5 b4 15. Nd5 a5 16. Nd4 Nxd5 17. Nxc6 Bxc6 18. exd5 Bxd5 19. b3 Bxh1 20. Rxh1 Qb8 21. Bc4 a4 22. Bd4 Bxd4 23. Qxd4 Qa7 24. Qe4 axb3 25. Bxb3 Rab8 26. fxg6 hxg6 27. Qxg6+ Kh8 28. Bxf7 Qe3+ 29. Kb2 Qf4 30. Bb3 Rf6 31. Qh5+ Rh6 32. Qf5 Qxf5 33. gxf5 Rh5 34. Re1 Rxf5 35. Rxe7 Rf3 36. Rd7 Rxh3 37. Rxd6 Kg7 38. Rd3 Rxd3 39. cxd3 Rc8 40. Bc4 Kf6 41. Kb3 Ke5 42. Kxb4 Rb8+ 43. Ka4 Kd4 1/2-1/2